000 00685cam a22002054a 4500
020 _a9780073520858
020 _a0073520853
050 0 0 _aRM147
_b.B39 2008
100 1 _aGauwitz, Donna F.
245 1 0 _aAdministering medications :
_bpharmacology for health careers
_cDonna F. Gauwitz.
250 _a6th ed.
260 _aBoston :
_bMcGraw Hill,
_c2008.
300 _axxvii, 532 p.
500 _aIncludes index.
650 0 _xAdministration.
650 1 2 _xadministration & dosage
_vProgrammed Instruction.
856 4 1 _uhttp://www.loc.gov/catdir/enhancements/fy0740/2007030505-t.html
856 4 2 _uhttp://www.loc.gov/catdir/enhancements/fy0743/2007030505-d.html
942 _cGEN
999 _c1522
_d1522